ហង្សមាស / (Record no. 4599)

MARC details
000 -LEADER
fixed length control field 02225nam a22003137a 4500
001 - CONTROL NUMBER
control field 4599
003 - CONTROL NUMBER IDENTIFIER
control field FISKH
005 - DATE AND TIME OF LATEST TRANSACTION
control field 20240917161454.0
008 - FIXED-LENGTH DATA ELEMENTS--GENERAL INFORMATION
fixed length control field 240917b cb ||||| |||| 00| 0 eng d
020 ## - INTERNATIONAL STANDARD BOOK NUMBER
International Standard Book Number 9789996389313
040 ## - CATALOGING SOURCE
Original cataloging agency FISKH
Language of cataloging Khmer
Transcribing agency FISKH
Modifying agency FISKH
050 ## - LIBRARY OF CONGRESS CALL NUMBER
Classification number PZ7
082 ## - DEWEY DECIMAL CLASSIFICATION NUMBER
Classification number 800
100 ## - MAIN ENTRY--PERSONAL NAME
Personal name Anonymous
Relator term author
245 ## - TITLE STATEMENT
Title ហង្សមាស /
Statement of responsibility, etc. by Anonymous
250 ## - EDITION STATEMENT
Edition statement បោះពុម្ពឆ្នាំ​២០១៥
260 ## - PUBLICATION, DISTRIBUTION, ETC.
Place of publication, distribution, etc. ភ្នំពេញ :
Name of publisher, distributor, etc. អផ្សុក ;
Date of publication, distribution, etc. ២០១៥ .
300 ## - PHYSICAL DESCRIPTION
Extent 12 pages :
Other physical details color illustrations ;
Dimensions 22 cm .
490 ## - SERIES STATEMENT
Series statement និទានអប់រំសម្រាប់កុមារ​
505 ## - FORMATTED CONTENTS NOTE
Formatted contents note H <br/>
520 ## - SUMMARY, ETC.
Summary, etc. មានគ្រួសារមួយមានកូនបីនាក់។ លុះក្រោយមកឪពុកបានស្លាប់ហើយក៏បានកើតជាហង្សមាស។​ពប្រពន្ធនិងកូន​ធ្លាក់ខ្លួនក្រ ហង្សមាសក៏ជម្រុះស្លាបមាសអោយដើម្បីលក់ទិញម្ហូបអាហារ ។ ដោយក្តីលោភលន់របស់ប្រពន្ធនាងក៏ចាប់ហង្សមាសដកស្លាបទាំងអស់ ធ្វើអោយហង្សរស់ទាំងវេទនា​រហូតដល់ដុះរោមសារជាថ្មីក្លាយជាពណ៏ស ហើយក៏មិនដែលត្រលប់មកវិញឡើយ​។​
520 ## - SUMMARY, ETC.
Summary, etc. There is a family with three children. Later, the father died and was born as a golden swan. After the death of his wife and children, the golden swan discarded the golden wings to buy food.<br/>Due to his wife's greed, he grabbed the golden swan, removed all its wings, and made the swan live miserably until it grew white hair again and never came back.
521 8# - TARGET AUDIENCE NOTE
Target audience note 430 <br/>
Source Lexile estimate <br/>
521 8# - TARGET AUDIENCE NOTE
Target audience note H <br/>
Source Raz-Plus <br/>
650 ## - SUBJECT ADDED ENTRY--TOPICAL TERM
Topical term or geographic name entry element កូនស្រីបីនាក់
Form subdivision រឿងនិទានកុមារ
650 ## - SUBJECT ADDED ENTRY--TOPICAL TERM
Topical term or geographic name entry element three daughters
Form subdivision children's stories
942 ## - ADDED ENTRY ELEMENTS (KOHA)
Source of classification or shelving scheme Dewey Decimal Classification
Koha item type Khmer Books
Suppress in OPAC No
Holdings
Withdrawn status Lost status Source of classification or shelving scheme Damaged status Not for loan Collection Home library Current library Shelving location Date acquired Total Checkouts Full call number Barcode Date last seen Copy number Price effective from Koha item type Date last checked out
    Dewey Decimal Classification     Khmer Language Books / សៀវភៅភាសាខ្មែរ Footprints International School Library Network Toul Kork Campus Footprints International School Library Network Toul Kork Campus TTP Primary Khmer Bookshelves 09/17/2024   ANO PZ7 800 FIS04210 09/17/2024 1 09/17/2024 Khmer Books  
    Dewey Decimal Classification     Khmer Language Books / សៀវភៅភាសាខ្មែរ Footprints International School Library Network Toul Kork Campus Footprints International School Library Network Toul Kork Campus TTP Primary Khmer Bookshelves 09/17/2024   ANO PZ7 800 FIS04340 09/25/2024 2 09/17/2024 Khmer Books  
    Dewey Decimal Classification     Khmer Language Books / សៀវភៅភាសាខ្មែរ Footprints International School Library Network Toul Kork Campus Footprints International School Library Network Toul Kork Campus TK Old Khmer Books (Rear Hallway Shelf 3) 09/04/2025 1 ANO PZ7 800 FISTK04604 03/16/2026 3 09/04/2025 Khmer Books 10/10/2025
    Dewey Decimal Classification     Khmer Language Books / សៀវភៅភាសាខ្មែរ Footprints International School Library Network Toul Kork Campus Footprints International School Library Network Toul Kork Campus TK Old Khmer Books (Rear Hallway Shelf 3) 09/04/2025 1 ANO PZ7 800 FISTK04605 03/16/2026 4 09/04/2025 Khmer Books 10/10/2025
    Dewey Decimal Classification     Khmer Language Books / សៀវភៅភាសាខ្មែរ Footprints International School Library Network Toul Kork Campus Footprints International School Library Network Toul Kork Campus TK Old Khmer Books (Rear Hallway Shelf 3) 09/04/2025 1 ANO PZ7 800 FISBK04285 03/16/2026 5 09/04/2025 Khmer Books 10/10/2025
    Dewey Decimal Classification     Khmer Language Books / សៀវភៅភាសាខ្មែរ Footprints International School Library Network Toul Tom Poung Campus Footprints International School Library Network Toul Tom Poung Campus TTP Primary Khmer Bookshelves 10/24/2025   ANO PZ7 800 FIS04087 10/24/2025 6 10/24/2025 Khmer Books  
    Dewey Decimal Classification     Khmer Language Books / សៀវភៅភាសាខ្មែរ Footprints International School Library Network Toul Tom Poung Campus Footprints International School Library Network Toul Tom Poung Campus TTP Primary Khmer Bookshelves 12/11/2025   ANO PZ7 800 FISBK03749 12/11/2025 7 12/11/2025 Khmer Books  
    Dewey Decimal Classification     Khmer Language Books / សៀវភៅភាសាខ្មែរ Footprints International School Library Network Toul Tom Poung Campus Footprints International School Library Network Toul Tom Poung Campus TTP Primary Khmer Bookshelves 12/11/2025   ANO PZ7 800 FIS04988 12/11/2025 8 12/11/2025 Khmer Books  
    Dewey Decimal Classification     Khmer Language Books / សៀវភៅភាសាខ្មែរ Footprints International School Library Network Toul Tom Poung Campus Footprints International School Library Network Toul Tom Poung Campus TTP Primary Khmer Bookshelves 12/11/2025   ANO PZ7 800 FISBK03831 12/11/2025 9 12/11/2025 Khmer Books